[Event "SVK-chT3A2 1516"]
[Site "Slovakia"]
[Date "2015.12.20"]
[Round "5.5"]
[White "Gajarsky, Julius"]
[Black "Puskas, Miroslav"]
[Result "0-1"]
[WhiteElo "1808"]
[BlackElo "1893"]
[PlyCount "98"]
[EventDate "2015.10.11"]
[EventType "team-tourn"]
[EventRounds "11"]
[EventCountry "SVK"]
[SourceTitle "EXT 2020"]
[Source "ChessBase"]
[SourceDate "2019.10.17"]
[SourceVersion "1"]
[SourceVersionDate "2019.10.17"]
[SourceQuality "1"]
[WhiteTeam "Modranka Komplet"]
[BlackTeam "Trnava Lokomotiva III"]
[WhiteTeamCountry "SVK"]
[BlackTeamCountry "SVK"]

1. d4 d5 2. c4 e6 3. Nc3 c6 4. Nf3 Nf6 5. Bg5 Be7 6. e3 0-0 7. Bd3 dxc4 8. Bxc4 Nd5 9. Bxe7 Nxe7 10. 0-0 Ng6 11. Qc2 Nd7 12. Rad1 Qe7 13. Ne4 Nb6 14. Bd3 e5 15. dxe5 Nxe5 16. Nxe5 Qxe5 17. f4 Qe7 18. Qc5 Qxc5 19. Nxc5 Bg4 20. Rde1 Rad8 21. h3 Bc8 22. Rd1 Rd5 23. Nb3 Rfd8 24. Be2 Rxd1 25. Rxd1 Rxd1+ 26. Bxd1 Nc4 27. Kf2 Nxb2 28. Be2 Na4 29. a3 Kf8 30. g4 h6 31. e4 g5 32. f5 f6 33. Ke3 Ke7 34. Kd4 Kd6 35. Nd2 b5 36. Bd1 c5+ 37. Ke3 Nb6 38. Bc2 Bb7 39. Bd1 a5 40. Bc2 a4 41. Bd1 Bc6 42. Bc2 b4 43. axb4 cxb4 44. Kd4 Bb5 45. Nf3 b3 46. Bb1 a3 47. Kc3 a2 48. Bxa2 bxa2 49. Kb2 Bc4 0-1

[Event "SVK-chT3A2 1415"]
[Site "Slovakia"]
[Date "2014.11.16"]
[Round "3.6"]
[White "Lopatievov, Alexander"]
[Black "Puskas, Miroslav"]
[Result "0-1"]
[WhiteElo "1926"]
[BlackElo "1884"]
[PlyCount "112"]
[EventDate "2014.10.19"]
[EventType "team-tourn"]
[EventRounds "11"]
[EventCountry "SVK"]
[SourceTitle "EXT 2019"]
[Source "ChessBase"]
[SourceDate "2018.10.10"]
[SourceVersion "1"]
[SourceVersionDate "2018.10.10"]
[SourceQuality "1"]

1. b4 e5 2. Bb2 e4 3. c4 Nf6 4. a3 c5 5. Qb3 Nc6 6. Bc3 d5 7. cxd5 Qxd5 8. Qxd5 Nxd5 9. bxc5 f6 10. e3 Bxc5 11. Bb5 0-0 12. Ne2 Kh8 13. d4 exd3 14. Bxd3 Bg4 15. h3 Bh5 16. Ng3 Bf7 17. Ne4 Be7 18. 0-0 Rad8 19. Bb5 Nxc3 20. Nbxc3 Na5 21. Ba4 a6 22. Rfd1 f5 23. Ng3 Bf6 24. Rac1 b5 25. Bxb5 axb5 26. Nxb5 g6 27. Nd6 Bb3 28. Rd2 Be7 29. Rc5 Nc4 30. Rxc4 Bxc4 31. Nxc4 Rxd2 32. Nxd2 Bxa3 33. Ndf1 Rd8 34. f4 Bc5 35. Kf2 h5 36. Ne2 Kg7 37. h4 Rd3 38. Nc1 Rc3 39. Ne2 Ra3 40. Kf3 Kf6 41. Neg3 Ke6 42. Ne2 Kd5 43. Ng1 Be7 44. g3 Bc5 45. Nh3 Ra1 46. Ke2 Bb4 47. Ng5 Rc1 48. Nf3 Rc2+ 49. Kd3 Rf2 50. N1h2 Ba5 51. g4 hxg4 52. Nxg4 Rxf3 53. Ne5 Rg3 54. Nd7 Bd8 55. Ne5 Bxh4 56. Nc4 g5 0-1

[Event "SVK-chT4 A22 1314"]
[Site "Slovakia"]
[Date "2013.12.08"]
[Round "5.4"]
[White "Bisco, Igor"]
[Black "Puskas, Miroslav"]
[Result "1-0"]
[WhiteElo "2086"]
[BlackElo "1886"]
[PlyCount "43"]
[EventDate "2013.10.06"]
[EventType "team-tourn"]
[EventRounds "11"]
[EventCountry "SVK"]
[SourceTitle "EXT 2015"]
[Source "ChessBase"]
[SourceDate "2014.11.20"]
[SourceVersion "1"]
[SourceVersionDate "2014.11.20"]
[SourceQuality "1"]
[WhiteTeam "Hlohovec II"]
[BlackTeam "Trnava Lokomotiva IV"]
[WhiteTeamCountry "SVK"]
[BlackTeamCountry "SVK"]

1. e4 c5 2. Nf3 Nc6 3. d4 cxd4 4. Nxd4 g6 5. Nc3 Bg7 6. Be3 a6 7. Bc4 Nf6 8. Bb3 0-0 9. f3 b5 10. Qd2 Bb7 11. 0-0-0 Ne5 12. h4 Rc8 13. h5 Nc4 14. Bxc4 Rxc4 15. hxg6 fxg6 16. Ne6 Qc8 17. Nxg7 b4 18. Nd5 Qc6 19. Nb6 Rc5 20. Bxc5 Qxc5 21. Nxd7 Nxd7 22. Ne6 1-0

[Event "SVK-chT3A2 1213"]
[Site "Slovakia"]
[Date "2013.03.24"]
[Round "11.5"]
[White "Palka, Miroslav"]
[Black "Puskas, Miroslav"]
[Result "1-0"]
[WhiteElo "1924"]
[BlackElo "1909"]
[PlyCount "43"]
[EventDate "2012.10.07"]
[EventType "team-tourn"]
[EventRounds "11"]
[EventCountry "SVK"]
[SourceTitle "EXT 2015"]
[Source "ChessBase"]
[SourceDate "2014.11.20"]
[SourceVersion "1"]
[SourceVersionDate "2014.11.20"]
[SourceQuality "1"]
[WhiteTeam "Senica SK"]
[BlackTeam "Trnava Lokomotiva Solartec III"]
[WhiteTeamCountry "SVK"]
[BlackTeamCountry "SVK"]

1. c4 c5 2. Nc3 Nc6 3. e4 g6 4. g3 Bg7 5. Bg2 e6 6. Nge2 Nge7 7. 0-0 0-0 8. a3 f5 9. d3 a6 10. Be3 Nd4 11. Rb1 Nec6 12. b4 d6 13. Na4 b5 14. exf5 Rb8 15. fxg6 bxa4 16. gxh7+ Kxh7 17. Be4+ Kg8 18. Nf4 Ne7 19. Qh5 Rxf4 20. Bxf4 d5 21. Bh7+ Kf8 22. Bxb8 1-0

[Event "SVK-chT3A2 1213"]
[Site "Slovakia"]
[Date "2013.01.13"]
[Round "6.2"]
[White "Husek, Lubomir"]
[Black "Puskas, Miroslav"]
[Result "1-0"]
[WhiteElo "1809"]
[BlackElo "1909"]
[PlyCount "73"]
[EventDate "2012.10.07"]
[EventType "team-tourn"]
[EventRounds "11"]
[EventCountry "SVK"]
[SourceTitle "EXT 2015"]
[Source "ChessBase"]
[SourceDate "2014.11.20"]
[SourceVersion "1"]
[SourceVersionDate "2014.11.20"]
[SourceQuality "1"]
[WhiteTeam "Holic"]
[BlackTeam "Trnava Lokomotiva Solartec III"]
[WhiteTeamCountry "SVK"]
[BlackTeamCountry "SVK"]

1. d4 d5 2. c4 e6 3. Nf3 Nf6 4. Bg5 Be7 5. e3 c6 6. Nc3 0-0 7. Bd3 dxc4 8. Bxc4 Nd5 9. Bxe7 Qxe7 10. 0-0 b5 11. Bd3 b4 12. Nxd5 exd5 13. Qc2 g6 14. Ne5 Bb7 15. a3 f6 16. Nf3 bxa3 17. Rxa3 Rc8 18. Rc1 Kg7 19. Qb3 Rc7 20. Qa2 a6 21. Rac3 Nd7 22. Qa5 Qd6 23. h3 Rac8 24. b4 Nb8 25. Rc5 Nd7 26. R5c3 Nb8 27. b5 axb5 28. Bxb5 c5 29. dxc5 Rxc5 30. Rxc5 Rxc5 31. Rxc5 Qxc5 32. Nd4 Qc8 33. Qa7 Kh6 34. Qb6 Nd7 35. Bxd7 Qxd7 36. Qxf6 Bc8 37. Qf8+ 1-0

[Event "SVK-chT3A2 1213"]
[Site "Slovakia"]
[Date "2012.10.07"]
[Round "1.3"]
[White "Puskas, Miroslav"]
[Black "Kavon, Rastislav"]
[Result "0-1"]
[WhiteElo "1909"]
[BlackElo "1943"]
[PlyCount "114"]
[EventDate "2012.10.07"]
[EventType "team-tourn"]
[EventRounds "11"]
[EventCountry "SVK"]
[SourceTitle "EXT 2015"]
[Source "ChessBase"]
[SourceDate "2014.11.20"]
[SourceVersion "1"]
[SourceVersionDate "2014.11.20"]
[SourceQuality "1"]
[WhiteTeam "Trnava Lokomotiva Solartec III"]
[BlackTeam "Trnava Modranka"]
[WhiteTeamCountry "SVK"]
[BlackTeamCountry "SVK"]

1. e4 c5 2. Nf3 Nc6 3. d4 cxd4 4. Nxd4 Nf6 5. Nxc6 bxc6 6. Nc3 d6 7. Bd3 e5 8. 0-0 Be7 9. Kh1 Rb8 10. b3 0-0 11. f4 Qc7 12. fxe5 dxe5 13. Be3 Be6 14. Qe2 Rfd8 15. h3 Rd7 16. Rad1 Rbd8 17. Qf2 Qa5 18. Bd2 Bb4 19. Qe1 Nh5 20. Qh4 Bxc3 21. Bxc3 Qxc3 22. Qxh5 a5 23. Qe2 a4 24. bxa4 Ra8 25. Qe1 Qxe1 26. Rfxe1 Rxa4 27. Rb1 Kf8 28. Rb6 Rc7 29. Ra1 Rxa2 30. Rxa2 Bxa2 31. Ra6 Be6 32. Ra5 f6 33. Kg1 Ke7 34. Kf2 Kd6 35. Ke3 g6 36. Ra8 Rf7 37. g4 f5 38. gxf5 gxf5 39. exf5 Bxf5 40. Rh8 Bxh3 41. Rxh7 Rxh7 42. Bxh7 Bg2 43. Kf2 Bd5 44. Ke3 Kc5 45. Bg6 Kc4 46. Kd2 Bf3 47. c3 Kb3 48. Bc2+ Kb2 49. Ba4 c5 50. Bb5 Bd5 51. Kd3 Kc1 52. c4 Bg2 53. Kc3 Be4 54. Bd7 Bf3 55. Be8 e4 56. Bg6 e3 57. Kb3 Kd2 0-1

[Event "SVK-chT3A2 1011"]
[Site "Slovakia"]
[Date "2011.02.27"]
[Round "9.7"]
[White "Papanek, Lubomir"]
[Black "Puskas, Miroslav"]
[Result "1/2-1/2"]
[WhiteElo "1653"]
[BlackElo "1970"]
[PlyCount "34"]
[EventDate "2010.10.17"]
[EventType "team-tourn"]
[EventRounds "11"]
[EventCountry "SVK"]
[SourceTitle "EXT 2019"]
[Source "ChessBase"]
[SourceDate "2018.10.10"]
[SourceVersion "1"]
[SourceVersionDate "2018.10.10"]
[SourceQuality "1"]
[WhiteTeam "Gbely Nafta"]
[BlackTeam "Trnava Lokomotiva III"]
[WhiteTeamCountry "SVK"]
[BlackTeamCountry "SVK"]

1. e4 c5 2. Nc3 d6 3. f4 Nc6 4. Nf3 g6 5. g3 Bg7 6. Bg2 e6 7. 0-0 Nge7 8. d3 0-0 9. Ne2 b5 10. c3 Bb7 11. Be3 Qc7 12. Qc2 Rfc8 13. d4 cxd4 14. Nfxd4 Nxd4 15. Bxd4 Bxd4+ 16. Nxd4 Qb6 17. Qf2 b4 1/2-1/2

[Event "SVK-chT3A2 1011"]
[Site "Slovakia"]
[Date "2011.01.30"]
[Round "7.4"]
[White "Lopatievov, Alexander"]
[Black "Puskas, Miroslav"]
[Result "1/2-1/2"]
[WhiteElo "1988"]
[BlackElo "1970"]
[PlyCount "60"]
[EventDate "2010.10.17"]
[EventType "team-tourn"]
[EventRounds "11"]
[EventCountry "SVK"]
[SourceTitle "EXT 2012"]
[Source "ChessBase"]
[SourceDate "2011.11.24"]
[SourceVersion "1"]
[SourceVersionDate "2011.11.24"]
[SourceQuality "1"]
[WhiteTeam "Trnava Modranka"]
[BlackTeam "Trnava Lokomotiva III"]
[WhiteTeamCountry "SVK"]
[BlackTeamCountry "SVK"]

1. c4 c5 2. Nc3 Nc6 3. g3 g6 4. Bg2 Bg7 5. e3 e6 6. Nge2 Nge7 7. 0-0 0-0 8. d4 cxd4 9. exd4 d5 10. cxd5 Nxd5 11. Rb1 Nb6 12. Be3 Qe7 13. Qc1 Rd8 14. Rd1 Nd5 15. Bh6 Qf8 16. Bxg7 Qxg7 17. Nxd5 exd5 18. Qc5 Bf5 19. Rbc1 Be4 20. Nc3 Rac8 21. Nxe4 dxe4 22. d5 b6 23. Qe3 Ne7 24. Qxe4 Rxc1 25. Rxc1 Qxb2 26. Rd1 Qf6 27. Qa4 a5 28. Qb5 Kg7 29. a4 Nf5 30. Qc4 Rd6 1/2-1/2

[Event "SVK-chT3A2 0910"]
[Site "Slovakia"]
[Date "2010.01.31"]
[Round "7.8"]
[White "Kahanec, Jan"]
[Black "Puskas, Miroslav"]
[Result "1/2-1/2"]
[WhiteElo "1530"]
[BlackElo "1980"]
[PlyCount "75"]
[EventDate "2009.10.18"]
[EventType "team-tourn"]
[EventRounds "11"]
[EventCountry "SVK"]
[SourceTitle "EXT 2011"]
[Source "ChessBase"]
[SourceDate "2010.11.26"]
[SourceVersion "1"]
[SourceVersionDate "2010.11.26"]
[SourceQuality "1"]
[WhiteTeam "Dunajska Streda SK III"]
[BlackTeam "Trnava III"]
[WhiteTeamCountry "SVK"]
[BlackTeamCountry "SVK"]

1. e4 c5 2. Nf3 Nc6 3. Nc3 g6 4. d4 cxd4 5. Nxd4 Bg7 6. Be3 d6 7. Be2 Bd7 8. 0-0 a6 9. h3 Rc8 10. Nd5 Nf6 11. Nxc6 Rxc6 12. Nxf6+ Bxf6 13. c3 0-0 14. Bf3 e5 15. Bg4 Bxg4 16. Qxg4 Qc8 17. Qf3 Bg7 18. Rad1 Qe6 19. Rd5 f5 20. exf5 gxf5 21. Rfd1 f4 22. Bc1 e4 23. Qg4 Qxg4 24. hxg4 Be5 25. Re1 Rc4 26. Bd2 Ra4 27. a3 Kf7 28. Bc1 Ke6 29. Red1 Rc4 30. R5d2 Rg8 31. f3 exf3 32. gxf3 h5 33. Rg2 hxg4 34. Rxg4 Rxg4+ 35. fxg4 Kf6 36. Kf2 Rc8 37. Rh1 d5 38. Kf3 1/2-1/2

[Event "SVK-chT3A2 0809"]
[Site "Slovakia"]
[Date "2008.12.14"]
[Round "4.5"]
[White "Puskas, Miroslav"]
[Black "Szitasi, Janos"]
[Result "0-1"]
[WhiteElo "2001"]
[BlackElo "1972"]
[PlyCount "54"]
[EventDate "2008.10.19"]
[EventType "team-tourn"]
[EventRounds "11"]
[EventCountry "SVK"]
[SourceTitle "EXT 2010"]
[Source "ChessBase"]
[SourceDate "2010.11.25"]
[SourceVersion "1"]
[SourceVersionDate "2010.11.25"]
[SourceQuality "1"]
[WhiteTeam "Trnava Lokomotiva III"]
[BlackTeam "Velky Meder MSK Thermal"]
[WhiteTeamCountry "SVK"]
[BlackTeamCountry "SVK"]

1. e4 c5 2. Nf3 d6 3. d4 cxd4 4. Nxd4 Nf6 5. Nc3 g6 6. Be3 Bg7 7. Qd2 Ng4 8. Bb5+ Bd7 9. f3 Nxe3 10. Qxe3 Qb6 11. 0-0-0 Bxb5 12. Ncxb5 0-0 13. Qd3 Nd7 14. Nc3 Nc5 15. Qb5 Bxd4 16. Rxd4 Nb3+ 17. axb3 Qxd4 18. Qg5 Qe5 19. Qd2 Rac8 20. f4 Qa5 21. Kb1 Rc6 22. h4 Ra6 23. Kc1 Rc8 24. Nb1 Qxd2+ 25. Kxd2 Rac6 26. Nc3 h5 27. Rc1 a6 0-1

[Event "SVK-chT3A2 0809"]
[Site "Slovakia"]
[Date "2008.11.22"]
[Round "2.8"]
[White "Brisudova, Veronika"]
[Black "Puskas, Miroslav"]
[Result "1/2-1/2"]
[WhiteElo "1777"]
[BlackElo "2001"]
[PlyCount "93"]
[EventDate "2008.10.19"]
[EventType "team-tourn"]
[EventRounds "11"]
[EventCountry "SVK"]
[SourceTitle "EXT 2010"]
[Source "ChessBase"]
[SourceDate "2010.11.25"]
[SourceVersion "1"]
[SourceVersionDate "2010.11.25"]
[SourceQuality "1"]
[WhiteTeam "Skalica"]
[BlackTeam "Trnava Lokomotiva III"]
[WhiteTeamCountry "SVK"]
[BlackTeamCountry "SVK"]

1. e4 c5 2. Nf3 Nc6 3. d4 cxd4 4. Nxd4 d6 5. Nc3 Nf6 6. Be2 e5 7. Nb3 Be6 8. Bg5 Be7 9. Qd2 a5 10. Rd1 a4 11. Nc1 0-0 12. Bxf6 gxf6 13. Nd5 f5 14. exf5 Bxf5 15. Nxe7+ Qxe7 16. Qxd6 Qg5 17. 0-0 Bxc2 18. Rde1 Rfd8 19. Qc5 Qd2 20. Qe3 Bg6 21. Qg3 Rd4 22. h4 Kh8 23. h5 Bf5 24. Rd1 Qh6 25. Rxd4 exd4 26. Qc7 Rg8 27. Qxf7 Be6 28. Qxb7 Bd5 29. g3 Qe6 30. Kh2 Qe4 31. Rg1 Ne5 32. Qb5 Rf8 33. f4 Nf3+ 34. Bxf3 Qxf3 35. Qe2 Qxe2+ 36. Nxe2 d3 37. Nc3 Bf3 38. Nxa4 d2 39. Nc3 Rb8 40. Nd1 Bxh5 41. g4 Bf7 42. Rg2 Rd8 43. b3 h5 44. gxh5 Bxh5 45. Rg1 Re8 46. Nb2 Re1 47. Kg2 1/2-1/2

[Event "SVK-chT3A2 0809"]
[Site "Slovakia"]
[Date "2008.10.19"]
[Round "1.7"]
[White "Puskas, Miroslav"]
[Black "Skapik, Branislav"]
[Result "1/2-1/2"]
[WhiteElo "2001"]
[BlackElo "1823"]
[PlyCount "128"]
[EventDate "2008.10.19"]
[EventType "team-tourn"]
[EventRounds "11"]
[EventCountry "SVK"]
[SourceTitle "EXT 2010"]
[Source "ChessBase"]
[SourceDate "2010.11.25"]
[SourceVersion "1"]
[SourceVersionDate "2010.11.25"]
[SourceQuality "1"]
[WhiteTeam "Trnava Lokomotiva III"]
[BlackTeam "Osuske II"]
[WhiteTeamCountry "SVK"]
[BlackTeamCountry "SVK"]

1. e4 e5 2. Nf3 Nc6 3. d4 exd4 4. Bc4 Bc5 5. c3 Qe7 6. 0-0 d3 7. Bxd3 d6 8. Bg5 f6 9. Bh4 Bg4 10. h3 Bxf3 11. Qxf3 Ne5 12. Qe2 Nxd3 13. Qxd3 0-0-0 14. b4 Bb6 15. a4 a6 16. a5 Ba7 17. Na3 Qe6 18. b5 d5 19. exd5 Qxd5 20. Qb1 Ne7 21. c4 Qd6 22. b6 cxb6 23. Bg3 Qc5 24. Nb5 axb5 25. cxb5 Kd7 26. Rc1 Qg5 27. Rc7+ Ke8 28. Qb4 f5 29. Re1 Rd7 30. Rxd7 Kxd7 31. Qd6+ Ke8 32. axb6 Bxb6 33. Qxb6 f4 34. Bh2 f3 35. g3 Qd2 36. Qe6 Qd7 37. Qe5 Kf8 38. g4 Ng6 39. Qe4 Qxb5 40. Qxf3+ Kg8 41. Bd6 h5 42. Qe4 Kh7 43. Rb1 Qc6 44. Qxc6 bxc6 45. gxh5 Nh4 46. Rc1 Rc8 47. Rc5 Nf3+ 48. Kg2 Nd2 49. Bf4 Ne4 50. Rc4 Nf6 51. Be3 Nxh5 52. Rh4 Kg6 53. Rg4+ Kf7 54. Rg5 g6 55. h4 Ng7 56. Ra5 Nf5 57. h5 Nxe3+ 58. fxe3 gxh5 59. Rxh5 c5 60. Kf1 Ke6 61. Ke2 Kd6 62. Kd3 Ra8 63. Rh6+ Kd5 64. e4+ Ke5 1/2-1/2

[Event "SVK-chT3A2 0607"]
[Site "Slovakia"]
[Date "2006.11.19"]
[Round "4"]
[White "Puskas, Miroslav"]
[Black "Blazkova, Barbora"]
[Result "1/2-1/2"]
[WhiteElo "2025"]
[BlackElo "1960"]
[PlyCount "21"]
[EventDate "2006.10.08"]
[EventType "team-tourn"]
[EventRounds "11"]
[EventCountry "SVK"]
[SourceTitle "EXT 2008"]
[Source "ChessBase"]
[SourceDate "2007.11.25"]
[SourceVersion "1"]
[SourceVersionDate "2007.11.25"]
[SourceQuality "1"]
[WhiteTeam "Trnava III"]
[BlackTeam "Osuske II"]
[WhiteTeamCountry "SVK"]
[BlackTeamCountry "SVK"]

1. e4 c5 2. Nf3 d6 3. d4 cxd4 4. Nxd4 Nf6 5. Nc3 a6 6. Be2 e5 7. Nb3 Be7 8. Be3 0-0 9. f3 Be6 10. a4 Nbd7 11. 0-0 1/2-1/2

[Event "Tatry op"]
[Site "Tatranske Zruby"]
[Date "2005.09.12"]
[Round "4"]
[White "Puskas, Miroslav"]
[Black "Frink, Ferenc"]
[Result "0-1"]
[WhiteElo "2072"]
[BlackElo "2212"]
[PlyCount "38"]
[EventDate "2005.09.10"]
[EventType "swiss"]
[EventRounds "9"]
[EventCountry "SVK"]
[SourceTitle "CBM 108 Extra"]
[Source "ChessBase"]
[SourceDate "2005.11.04"]
[SourceVersion "1"]
[SourceVersionDate "2005.11.04"]
[SourceQuality "1"]

1. e4 Nc6 2. d4 e5 3. d5 Nce7 4. f4 Ng6 5. Nf3 exf4 6. Bd3 Nf6 7. Nc3 Bc5 8. h3 Nh5 9. Na4 Qe7 10. Nxc5 Qxc5 11. Rf1 Ng3 12. Rf2 0-0 13. c3 d6 14. Nd4 f5 15. exf5 Bxf5 16. Bxf5 Rxf5 17. Qc2 Re8+ 18. Kd1 Qxd5 19. Qb3 c5 0-1

[Event "SVK-chT1W 0203"]
[Site "Slovakia"]
[Date "2003.03.16"]
[Round "11.4"]
[White "Kovarik, Otto"]
[Black "Puskas, Miroslav"]
[Result "1/2-1/2"]
[WhiteElo "2103"]
[BlackElo "2142"]
[PlyCount "30"]
[EventDate "2002.10.12"]
[EventType "team-tourn"]
[EventRounds "11"]
[EventCountry "SVK"]
[SourceTitle "EXT 2005"]
[Source "ChessBase"]
[SourceDate "2004.11.15"]
[SourceVersion "1"]
[SourceVersionDate "2004.11.15"]
[SourceQuality "1"]
[WhiteTeam "Holic"]
[BlackTeam "Trnava"]
[WhiteTeamCountry "SVK"]
[BlackTeamCountry "SVK"]

1. e4 e5 2. Nf3 Nc6 3. Bb5 Nf6 4. 0-0 Bc5 5. d3 d6 6. c3 0-0 7. h3 a6 8. Bxc6 bxc6 9. d4 exd4 10. cxd4 Bb6 11. Nc3 Bb7 12. Re1 h6 13. Bf4 Re8 14. Qd3 g5 15. Bh2 Qd7 1/2-1/2

[Event "SVK-chT1W 0203"]
[Site "Slovakia"]
[Date "2003.03.15"]
[Round "10.6"]
[White "Puskas, Miroslav"]
[Black "Palka, Miroslav"]
[Result "0-1"]
[WhiteElo "2142"]
[BlackElo "2010"]
[PlyCount "118"]
[EventDate "2002.10.12"]
[EventType "team-tourn"]
[EventRounds "11"]
[EventCountry "SVK"]
[SourceTitle "EXT 2005"]
[Source "ChessBase"]
[SourceDate "2004.11.15"]
[SourceVersion "1"]
[SourceVersionDate "2004.11.15"]
[SourceQuality "1"]
[WhiteTeam "Trnava"]
[BlackTeam "Senica"]
[WhiteTeamCountry "SVK"]
[BlackTeamCountry "SVK"]

1. e4 c5 2. Nf3 d6 3. d4 cxd4 4. Nxd4 Nf6 5. Nc3 g6 6. Be3 Bg7 7. f3 0-0 8. Qd2 Nc6 9. 0-0-0 Nxd4 10. Bxd4 Be6 11. Kb1 Qc7 12. g4 Rfc8 13. h4 Qa5 14. Bxf6 Bxf6 15. Nd5 Qxd2 16. Nxf6+ Kg7 17. Nh5+ gxh5 18. Rxd2 hxg4 19. fxg4 Bxg4 20. Rg2 h5 21. Be2 Kh7 22. Bxg4 hxg4 23. Rxg4 Rg8 24. Rf4 f6 25. a4 Rg2 26. Rh3 Rc8 27. Rb3 b6 28. c3 Rc5 29. Rf5 Rg4 30. a5 Rxe4 31. axb6 axb6 32. Rxc5 bxc5 33. Rb7 c4 34. Kc2 Kg6 35. b4 cxb3+ 36. Kd3 Re5 37. Rxb3 f5 38. Rb4 e6 39. Rb8 d5 40. Rg8+ Kh7 41. Rg5 Re4 42. Rh5+ Kg7 43. Kd2 Kf6 44. Rh8 Ke5 45. h5 Rh4 46. h6 Ke4 47. h7 Rh2+ 48. Kc1 e5 49. c4 dxc4 50. Rc8 Rxh7 51. Rxc4+ Kd5 52. Ra4 Rh2 53. Kd1 f4 54. Ke1 Rc2 55. Kd1 Rc4 56. Ra8 Kd4 57. Kd2 Ke4 58. Rh8 Ra4 59. Rh4 Ra2+ 0-1

[Event "SVK-chT1W 0203"]
[Site "Slovakia"]
[Date "2003.01.18"]
[Round "7.5"]
[White "Syrovy, Ivan"]
[Black "Puskas, Miroslav"]
[Result "1-0"]
[WhiteElo "2066"]
[BlackElo "2142"]
[PlyCount "131"]
[EventDate "2002.10.12"]
[EventType "team-tourn"]
[EventRounds "11"]
[EventCountry "SVK"]
[SourceTitle "EXT 2005"]
[Source "ChessBase"]
[SourceDate "2004.11.15"]
[SourceVersion "1"]
[SourceVersionDate "2004.11.15"]
[SourceQuality "1"]
[WhiteTeam "Devinska Nova Ves"]
[BlackTeam "Trnava"]
[WhiteTeamCountry "SVK"]
[BlackTeamCountry "SVK"]

1. e4 c5 2. Nf3 d6 3. Bc4 e6 4. Qe2 Nc6 5. c3 Be7 6. 0-0 Nf6 7. Bb3 0-0 8. d4 cxd4 9. cxd4 a5 10. Nc3 b6 11. Rd1 Ba6 12. Bc4 Bxc4 13. Qxc4 Rc8 14. Qe2 Re8 15. Bg5 Nd7 16. Bxe7 Qxe7 17. Nb5 Ndb8 18. e5 dxe5 19. dxe5 Red8 20. Nd6 Rc7 21. Rd2 Rcd7 22. Rad1 f6 23. exf6 gxf6 24. Ne4 Rd5 25. Nc3 Rxd2 26. Rxd2 Rxd2 27. Nxd2 Nd7 28. h3 Nce5 29. Qe4 f5 30. Qb7 Qc5 31. Qa8+ Qf8 32. Qb7 Qc5 33. Qa8+ Qf8 34. Qxf8+ Kxf8 35. Kf1 Ke7 36. Ke2 Kd6 37. f4 Nc6 38. Nf3 h6 39. Nb5+ Kd5 40. Ke3 Nc5 41. g4 fxg4 42. hxg4 a4 43. Nbd4 Nxd4 44. Nxd4 Nd7 45. Nb5 Kc6 46. Nc3 b5 47. g5 hxg5 48. fxg5 Nf8 49. Ke4 Ng6 50. Kd4 Kb6 51. Nd1 Kc6 52. Ne3 Kd6 53. Ng4 b4 54. Kc4 b3 55. a3 Nf4 56. Kd4 Ng6 57. Ke4 e5 58. Kf5 Nh4+ 59. Kf6 e4 60. Ne5 Kc5 61. g6 Nxg6 62. Nxg6 Kd4 63. Nf4 e3 64. Kf5 e2 65. Nxe2+ Kd3 66. Nc3 1-0

[Event "SVK-chT1W 0203"]
[Site "Slovakia"]
[Date "2002.11.30"]
[Round "5.6"]
[White "Kollarik, Gorazd"]
[Black "Puskas, Miroslav"]
[Result "1/2-1/2"]
[WhiteElo "1820"]
[BlackElo "2142"]
[PlyCount "38"]
[EventDate "2002.10.12"]
[EventType "team-tourn"]
[EventRounds "11"]
[EventCountry "SVK"]
[SourceTitle "EXT 2005"]
[Source "ChessBase"]
[SourceDate "2004.11.15"]
[SourceVersion "1"]
[SourceVersionDate "2004.11.15"]
[SourceQuality "1"]
[WhiteTeam "Hlohovec"]
[BlackTeam "Trnava"]
[WhiteTeamCountry "SVK"]
[BlackTeamCountry "SVK"]

1. d4 Nf6 2. c4 g6 3. Nc3 Bg7 4. e4 d6 5. Nf3 0-0 6. Be2 c5 7. d5 Nbd7 8. 0-0 a5 9. Rb1 b6 10. b3 Ne8 11. Bb2 Nc7 12. Na4 Rb8 13. Bxg7 Kxg7 14. Nc3 Ba6 15. a4 Ne8 16. Bd3 e5 17. Qd2 h6 18. Ne1 g5 19. g3 Rg8 1/2-1/2

[Event "SVK-chT2W 0102"]
[Site "Slovakia"]
[Date "2002.03.16"]
[Round "10.6"]
[White "Lajda, Dusan"]
[Black "Puskas, Miroslav"]
[Result "0-1"]
[WhiteElo "1706"]
[BlackElo "2142"]
[PlyCount "50"]
[EventDate "2001.10.??"]
[EventType "team"]
[EventRounds "11"]
[EventCountry "SVK"]
[SourceTitle "EXT 2006"]
[Source "ChessBase"]
[SourceDate "2005.11.24"]
[SourceVersion "1"]
[SourceVersionDate "2005.11.24"]
[SourceQuality "1"]

1. e4 c5 2. Nf3 d6 3. d4 cxd4 4. Nxd4 Nf6 5. Nc3 a6 6. Be3 b5 7. a3 Bb7 8. Bd3 Nbd7 9. Nde2 Rc8 10. Ng3 g6 11. f4 Bg7 12. 0-0 h5 13. h3 h4 14. Nh1 Nc5 15. Nf2 d5 16. Bxc5 Rxc5 17. e5 Nh5 18. e6 f5 19. Qd2 Ng3 20. Rfe1 Qc7 21. Ne2 Bxb2 22. Ra2 Bf6 23. Nxg3 hxg3 24. Nh1 Bc3 25. Qe2 Qxf4 0-1

[Event "Dunajska Streda op"]
[Site "Dunajska Streda"]
[Date "1999.06.13"]
[Round "2"]
[White "Koper, Stefan"]
[Black "Puskas, Miroslav"]
[Result "1-0"]
[WhiteElo "2042"]
[BlackElo "2205"]
[PlyCount "107"]
[EventDate "1999.06.12"]
[EventType "swiss"]
[EventRounds "9"]
[EventCountry "SVK"]
[SourceTitle "EXT 2006"]
[Source "ChessBase"]
[SourceDate "2005.11.24"]
[SourceVersion "1"]
[SourceVersionDate "2005.11.24"]
[SourceQuality "1"]

1. d4 Nf6 2. c4 c6 3. Nc3 d5 4. cxd5 Nxd5 5. Nf3 e6 6. e4 Nf6 7. e5 Nd5 8. Ne4 f5 9. exf6 Nxf6 10. Nxf6+ Qxf6 11. Bd3 Bb4+ 12. Kf1 Nd7 13. Qe2 h6 14. h4 Bd6 15. h5 Nf8 16. Bd2 Bd7 17. Bc3 Qe7 18. Ne5 0-0-0 19. Rh3 Be8 20. a4 Bxe5 21. dxe5 g5 22. g4 Nd7 23. a5 Rf8 24. b4 Nb8 25. Bd2 Rd4 26. Be3 Rxb4 27. Rc1 Ra4 28. Bc5 Qg7 29. Bxf8 Qxf8 30. Bc4 Bd7 31. Rf3 Qb4 32. Rf6 Qa3 33. Qe3 Qxe3 34. fxe3 Rxa5 35. Bxe6 Rxe5 36. Bxd7+ Nxd7 37. Rxh6 Rxe3 38. Rg6 Kc7 39. Rxg5 Nf6 40. Rg7+ Kb6 41. Kf2 Rb3 42. Re1 a5 43. h6 a4 44. g5 Ng4+ 45. Kg2 Ne3+ 46. Rxe3 Rxe3 47. h7 Re2+ 48. Kg3 Re3+ 49. Kg4 Re4+ 50. Kf5 Rh4 51. g6 a3 52. Re7 a2 53. Re1 Kb5 54. Ra1 1-0